Queues, Rations, and Market Comparsions of Outcomes for the Poor and the Rich
Enregistré dans:
| Auteur principal: | |
|---|---|
| Format: | Livre |
| Langue: | anglais |
| Publié: |
New Haven
Yale University
1987
|
| Édition: | 1. ed. |
| Collection: | Center Paper
No.388 |
| Tags: |
Pas de tags, Soyez le premier à ajouter un tag!
|
MARC
| LEADER | 00000nam a2200000 4500 | ||
|---|---|---|---|
| 001 | c035573 | ||
| 005 | 20221219120450.4 | ||
| 041 | 0 | |a eng | |
| 044 | |a US | ||
| 245 | 1 | 0 | |a Queues, Rations, and Market |b Comparsions of Outcomes for the Poor and the Rich |c Raaj Kumar Sah |
| 250 | |a 1. ed. | ||
| 264 | 1 | |a New Haven |b Yale University |c 1987 | |
| 300 | |a S.69-77 | ||
| 490 | 1 | |a Center Paper |v No.388 | |
| 830 | 0 | |a Center Paper |v No.388 | |
| 100 | 1 | |a Sah, Raaj Kumar | |